1140 1066 1453 1660 1830 1819 1307 1698 1926 1001 1850 1291 1598 1785 1037 1883 1887 1865 1162 1925 1633 1093 1691 1356 1866 1420 1065 1089 1323 1907 1229 1538 1737 1455 1927 1892 1121 1499 1776 1428 1213 1357 1560 1943 1320 1244 1637 1665 1184 1274 1498 1670 1149 1431 1023 1567 1708 1517 1370 1152 1308 1241 1177 1319 1025 1472 1759 1142 1310 1834 1434 1572 1324 1410 1547 1385 1959 1800 1532 1498 1713 1080 1112 1379 1797 1758 1612 1372 1417 1630 1346 1820 1642 1441 1740 1730 1911 1923 1033 BCNSPRNW ULIB Ver.6.0+V

เปลี่ยนเป็นภาษาไทย

Change to English
 แสดงรายละเอียดบรรณานุกรม
  กลับหน้าหลัก

Brief Record : Get Marc (ISO 2709) : E-mail record : QR code < ปิดหน้าต่าง
LEADER : 00000nam 2200000uu 4500
001    13399112833
003     ULIB
008    110908s2542||||th 000 0 tha d
020    9749796535
050 04 DS578.2^bอ228ห 2542
100 0  เอนก นาวิกมูล
245 10 หญิงชาวสยาม Siamese Women/^cเอนก นาวิกมูล
250    พิมพ์ครั้งที่ 1
260    กรุงเทพฯ :^bแสงดาว,^c2542
300    247 หน้า
650  7 สตรีไทย^xชีวประวัติ^xกรุงรัตนโกสินทร์^xรวมเรื่อง
945    ^p0^l0^i011680
995    ทศพร
999 ^a ทศพร
รายการนี้ยังไม่มีแท็ก
คุณยังไม่ได้ล็อกอิน คุณสามารถมีกิจกรรมร่วมกับเว็บไซต์ได้ แต่ต้องล็อกอินก่อน ::
  ล็อกอิน

รายการสื่อสารสนเทศ

ลำดับที่ ประเภท เลขเรียก/บาร์โค้ด สถานที่ สถานะ
- ไม่พบข้อมูล -

รายการใกล้เคียง
    ผู้แต่ง [เอนก นาวิกมูล]

BibComment


ยังไม่เคยถูกคอมเมนท์

คอมเมนท์ทรัพยากรรายการนี้
  คอมเมนท์: หญิงชาวสยาม Siame..


 Copyright 2026. Bcnsprnw @Library